00650nam 22002053 4500001000700000021000700007100004100014101000800055102000700063200005800070210002900128215003900157606004400196610003300240675003700273675004600310700003900356801001800395830003100413201926 aPT a20240812d u||y0pory50 ba apor aPT aO poeta, essa ave metafísicafSant' Anna Dionísio aPorto]cSeara Novad1953 a108, [3] p.cil. ; brochadod20 cm aLiteratura PortuguesaxPoesia Comentada aPoesia--Pascoaes,Teixeira de a929Pascoaes,Teixeira devPTzpor a821.134.3-1Teixeira de Pascoais vPTzpor aDionísiobSant' Anna f1902-1991 aPTbBMMNgRPC cAna Falardo fAna Falardo